Flexibilidad automática en la Argentina (Registro nro. 16394)

Detalles MARC
000 -LEADER
fixed length control field 00328 a2200109 4500
001 - CONTROL NUMBER
control field ART_3442
005 - DATE AND TIME OF LATEST TRANSACTION
control field 20260410161714.0
008 - FIXED-LENGTH DATA ELEMENTS--GENERAL INFORMATION
fixed length control field 260409a
100 1# - MAIN ENTRY--PERSONAL NAME
Personal name Rezk, Ernesto
245 10 - TITLE STATEMENT
Title Flexibilidad automática en la Argentina
773 0# - HOST ITEM ENTRY
Title Desarrollo económico
Related parts - Vol. 23, Nº 90 (jul./sep. 1983)
Record control number REV1174

No hay ítems disponibles.